00775nam a2200181Ia 4500003000900000008004100009020002600050040001600076100003100092245009400123260003200217300002000249490003300269856010300302942000700405999001700412952016400429IN-BaIIA211028s9999 xx s 000 0 eng d a9780819400994 (Print) cIIA Library aBerry, Michael, ed.948332 0aThermal and Optical Interactions with Biological and Related Composite Materialsh[eBook] aWashington, USAbSPIEc1989 aOnline resource aProceedings of SPIE; V. 1064 uhttps://www.spiedigitallibrary.org/conference-proceedings-of-spie/1064yClick Here to Access eBook cEB c33144d33144 00104070aBANbBANd2011-07-01eSPIEhV. 1064l0pEB12604r2021-11-05uhttps://www.spiedigitallibrary.org/conference-proceedings-of-spie/1064w2021-11-05yEB